000 00358nam a22001217a 4500
999 _c2605
_d2605
005 20200921111453.0
008 200921b ||||| |||| 00| 0 eng d
020 _a081161102708
040 _cCML
245 _aUnderstanding and Creating Art Book II.
_cGoldstein, E.
260 _aTexas
_bGarrard Publishing Company
_c1985
942 _2ddc
_cBK
_e1st Edition
_hREF